| 000 | 01024nam a2200265Ia 4500 | ||
|---|---|---|---|
| 003 | GCL | ||
| 008 | 140319s9999 xx 000 0 ara d | ||
| 040 |
_aGCL / _cGCL |
||
| 082 | 0 | 4 |
_a245.8 _bم ف |
| 100 | 1 | _aالطبرى، عبدالمجيد بن الفضل بن على الفرارى | |
| 245 | 1 | 0 |
_aفيصل التفرقة بين الاسلام والزندقة / _cالطبرى، عبدالمجيد بن الفضل بن على الفرارى |
| 700 | 1 | _aسمير دغيم | |
| 700 | 1 | _aالغزالى : حجة الاسلام ابو حامد محمد بن محمد بن محمد بن احمد الطوسى | |
| 250 | _aالاولى | ||
| 260 |
_aبيروت : _bدار الفكر اللبنانى ، _c1993 |
||
| 300 |
_a95 ص ؛ _c24 سم |
||
| 490 |
_aسلسلة علم الكلام _v0 |
||
| 650 | 0 | 4 | _aالاسلام |
| 650 | 0 | 4 | _aالغزالى |
| 650 | 0 | 4 | _aالامامة |
| 650 | 0 | 4 | _aعلم الكلام |
| 650 | 0 | 4 | _aعلم الكلام - مذاهب |
| 650 | 0 | 4 | _aالزندقة |
| 942 |
_2ddc _cBK |
||
| 999 |
_c5006 _d5006 |
||